=LDR 00000nam 2200000 4500 =001 INLIS000000000021317 =005 20130612120202 =008 ***********************************Ind** =035 ##$$0010-061300000021317 =041 ##$$a Ind =082 ##$$a 621 =090 ##$$a 621, Pan t =100 ##$$a Panati, Charles =245 ##$$a Terobosan dalam bidang teknologi, Charles Panati =260 ##$$a 1989 $b Bandung =300 ##$$a iii, 99 hlm, ilus, 21 cm =650 ##$$a Teknologi =850 ##$$a NBPNMAT